Development of small diameter pilot hole directional drilling for trenchless utility installation; IOP Conference Series: Earth and Environmental Science; Vol. 43 : Problems of Geology and Subsurface Development

التفاصيل البيبلوغرافية
Parent link:IOP Conference Series: Earth and Environmental Science
Vol. 43 : Problems of Geology and Subsurface Development.— 2016.— [012075, 5 p.]
المؤلف الرئيسي: Saruev A. L. Aleksey Lvovich
مؤلفون مشاركون: Национальный исследовательский Томский политехнический университет (ТПУ) Институт природных ресурсов (ИПР) Кафедра транспорта и хранения нефти и газа (ТХНГ), Национальный исследовательский Томский политехнический университет (ТПУ) Институт физики высоких технологий (ИФВТ) Кафедра теоретической и прикладной механики (ТПМ)
مؤلفون آخرون: Saruev L. A. Lev Alekseevich, Vasenin S. S.
الملخص:Title screen
The paper overviews trenchless utility installation techniques and prospects of further development of horizontal directional drilling technology to drill small diameter pilot holes. The improved design is suggested for the thread connection of drill pipes and hydraulic system to generate power pulses.
اللغة:الإنجليزية
منشور في: 2016
سلاسل:Latest Technologies in Oil and Gas Driling
الموضوعات:
الوصول للمادة أونلاين:http://dx.doi.org/10.1088/1755-1315/43/1/012075
http://earchive.tpu.ru/handle/11683/35184
التنسيق: الكتروني فصل الكتاب
KOHA link:https://koha.lib.tpu.ru/cgi-bin/koha/opac-detail.pl?biblionumber=650901

MARC

LEADER 00000nla2a2200000 4500
001 650901
005 20250213140304.0
035 |a (RuTPU)RU\TPU\network\16150 
035 |a RU\TPU\network\16145 
090 |a 650901 
100 |a 20161025a2016 k y0engy50 ba 
101 0 |a eng 
105 |a y z 100zy 
135 |a drcn ---uucaa 
181 0 |a i  
182 0 |a b 
200 1 |a Development of small diameter pilot hole directional drilling for trenchless utility installation  |f A. L. Saruev, L. A. Saruev, S. S. Vasenin 
203 |a Text  |c electronic 
225 1 |a Latest Technologies in Oil and Gas Driling 
300 |a Title screen 
320 |a [References: 10 tit.] 
330 |a The paper overviews trenchless utility installation techniques and prospects of further development of horizontal directional drilling technology to drill small diameter pilot holes. The improved design is suggested for the thread connection of drill pipes and hydraulic system to generate power pulses. 
461 0 |0 (RuTPU)RU\TPU\network\2499  |t IOP Conference Series: Earth and Environmental Science 
463 0 |0 (RuTPU)RU\TPU\network\16030  |t Vol. 43 : Problems of Geology and Subsurface Development  |o XX International Scientific Symposium of Students, Postgraduates and Young Scientists, 4–8 April 2016, Tomsk, Russia  |v [012075, 5 p.]  |d 2016 
610 1 |a электронный ресурс 
610 1 |a труды учёных ТПУ 
610 1 |a направленное бурение 
610 1 |a утилиты 
610 1 |a бестраншейное бурение 
610 1 |a бурильные трубы 
610 1 |a гидравлические системы 
610 1 |a отверстия 
700 1 |a Saruev  |b A. L.  |c specialist in the field of oil and gas business  |c Associate Professor of Tomsk Polytechnic University, candidate of technical sciences  |f 1974-  |g Aleksey Lvovich  |3 (RuTPU)RU\TPU\pers\35840  |9 18985 
701 1 |a Saruev  |b L. A.  |c mining engineer  |c Professor of Tomsk Polytechnic University, Doctor of technical science  |f 1940-  |g Lev Alekseevich  |3 (RuTPU)RU\TPU\pers\30951 
701 1 |a Vasenin  |b S. S. 
712 0 2 |a Национальный исследовательский Томский политехнический университет (ТПУ)  |b Институт природных ресурсов (ИПР)  |b Кафедра транспорта и хранения нефти и газа (ТХНГ)  |3 (RuTPU)RU\TPU\col\18661 
712 0 2 |a Национальный исследовательский Томский политехнический университет (ТПУ)  |b Институт физики высоких технологий (ИФВТ)  |b Кафедра теоретической и прикладной механики (ТПМ)  |3 (RuTPU)RU\TPU\col\18695 
801 2 |a RU  |b 63413507  |c 20170120  |g RCR 
856 4 |u http://dx.doi.org/10.1088/1755-1315/43/1/012075 
856 4 |u http://earchive.tpu.ru/handle/11683/35184 
942 |c CF